[Event "AUTO-OPEN-2246"]
[Site "http://www.queenalice.com/game.php?id=893103"]
[Date "2011.1.30"]
[Round "1"]
[White "MarceloPadre"]
[Black "archiphile"]
[Result "1-0"]
[WhiteElo "2080"]
[BlackElo "1669"]

1. d4 d5 2. c4 c5 3. e3 dxc4 4. Bxc4 cxd4 5. exd4 e6 6. Nc3 a6 7. Nf3 Bd6 8. Bg5
Qc7 9. Qe2 h6 10. Bh4 Ne7 11. O-O Nbc6 12. d5 Na5 13. Bd3 O-O 14. Rac1 Qc5 15.
dxe6 Bxe6 16. Ne4 Qd5 17. Rfd1 Ng6 18. Nxd6 Qxd6 19. Bxg6 Qb6 20. Be4 Bxa2 21.
Bd5 Bb3 22. Bxb3 Nxb3 23. Rc3 Nc5 24. Be7 Rfe8 25. Bxc5 Qxc5 26. Qxe8+ Rxe8 27.
Rxc5 1-0

[Event "Challenge"]
[Site "http://www.queenalice.com/game.php?id=908321"]
[Date "2011.3.4"]
[Round "-"]
[White "archiphile"]
[Black "Phantom"]
[Result "0-1"]
[WhiteElo "1658"]
[BlackElo "1398"]

1. d4 e6 2. c4 Bb4+ 3. Bd2 Bxd2+ 4. Nxd2 Nf6 5. e3 d6 6. b4 Nc6 7. Qa4 Bd7 8. b5
Ne7 9. Qb4 a5 10. Qb3 b6 11. a4 Nf5 12. Ngf3 Ng4 13. h3 Ngh6 14. Bd3 c6 15. e4
Ne7 16. O-O g5 17. Nxg5 f6 18. bxc6 Nxc6 19. Ngf3 Nb4 20. Bb1 Rg8 21. e5 fxe5
22. dxe5 dxe5 23. Qe3 Nc6 24. Qxh6 Qe7 25. Re1 O-O-O 26. Qe3 Qg7 0-1

[Event "Challenge"]
[Site "http://www.queenalice.com/game.php?id=908322"]
[Date "2011.3.4"]
[Round "-"]
[White "Phantom"]
[Black "archiphile"]
[Result "1-0"]
[WhiteElo "1424"]
[BlackElo "1632"]

1. e4 c5 2. Bc4 Nc6 3. c3 e6 4. Nf3 d5 5. exd5 exd5 6. Bb5 Qe7+ 7. Be2 Bg4 8. d3
Bxf3 9. gxf3 Ne5 10. Kf1 Qh4 11. d4 Nc4 12. Bxc4 Qh3+ 13. Ke2 dxc4 14. dxc5 Qe6+
15. Be3 Bxc5 16. b4 Bxe3 17. fxe3 b5 18. Nd2 Rd8 19. Kf2 Rd3 20. Rb1 Qxe3+ 21.
Kg3 Qg5+ 22. Kf2 Qe3+ 23. Kg3 Rxd2 24. Qf1 Qg5+ 25. Kh3 Rd3 26. Rg1 Qh5+ 27. Kg2
1-0

[Event "Challenge"]
[Site "http://www.queenalice.com/game.php?id=913223"]
[Date "2011.3.16"]
[Round "-"]
[White "matadordegavioes"]
[Black "archiphile"]
[Result "1-0"]
[WhiteElo "1842"]
[BlackElo "1667"]

1. c4 c5 2. Nc3 Nc6 3. Nf3 e6 4. d4 Nf6 5. g3 d5 6. cxd5 Nxd5 7. e4 Nxc3 8. bxc3
cxd4 9. cxd4 Bb4+ 10. Bd2 Qa5 11. a3 Bxd2+ 12. Qxd2 Qxd2+ 13. Kxd2 O-O 14. Rb1
Rd8 15. Ke3 f6 16. Bc4 Kf8 17. Rhc1 e5 18. d5 Na5 19. Ba2 b6 20. Rc7 1-0

[Event "AUTO-INT-1987"]
[Site "http://www.queenalice.com/game.php?id=915593"]
[Date "2011.3.21"]
[Round "1"]
[White "kanibal"]
[Black "archiphile"]
[Result "0-1"]
[WhiteElo "1665"]
[BlackElo "1581"]

1. d4 d5 2. Nf3 Bf5 3. e3 e6 4. h3 c5 5. Bb5+ Nc6 6. Bxc6+ bxc6 7. Ne5 Qb6 8.
O-O Ne7 9. c3 Ng6 10. Nxg6 Bxg6 11. Na3 c4 12. Qg4 Bf5 13. Qf4 c5 14. dxc5 Bxc5
15. Qg5 O-O 16. g4 f6 17. Qh4 Bd3 18. Re1 Be4 19. Bd2 Qxb2 20. f3 Qxd2 21. Qf2
Qxf2+ 22. Kxf2 Bd3 23. Nb5 Rab8 24. Nd4 Rb2+ 25. Kg3 Bd6+ 26. f4 e5 27. fxe5
fxe5 28. Nf5 Bxf5 29. gxf5 Rxf5 30. Kg4 g6 31. e4 Rg2+ 32. Kh4 Rh5# 0-1

[Event "AUTO-INT-1987"]
[Site "http://www.queenalice.com/game.php?id=915594"]
[Date "2011.3.21"]
[Round "1"]
[White "archiphile"]
[Black "kanibal"]
[Result "0-1"]
[WhiteElo "1625"]
[BlackElo "1760"]

1. d4 d5 2. Bf4 Nc6 3. e3 Nf6 4. c4 dxc4 5. Bxc4 Nb4 6. Nc3 e6 7. Nb5 Bd6 8.
Nxd6+ cxd6 9. Qa4+ Nc6 10. b4 O-O 11. Bd3 d5 12. Ne2 Qb6 13. a3 a5 14. b5 Nd8
15. Bg5 Ne4 16. Bxe4 dxe4 17. Be7 Re8 18. Bc5 Qc7 19. b6 Qc6 20. Qc2 Qd5 21. a4
Nc6 22. Qc3 h5 23. Nf4 Qg5 24. O-O e5 25. Nh3 Bxh3 26. g3 Bxf1 27. Kxf1 Re6 28.
d5 Rf6 29. dxc6 Rxc6 30. Rb1 Rac8 31. Rb5 Qg4 32. Rxa5 Qd1+ 33. Kg2 Qf3+ 34. Kg1
Rd8 35. Qe1 Rd1 36. Qxd1 Qxd1+ 37. Kg2 Qf3+ 38. Kg1 Qd1+ 39. Kg2 f5 0-1

[Event "AUTO-INT-1987"]
[Site "http://www.queenalice.com/game.php?id=915607"]
[Date "2011.3.21"]
[Round "1"]
[White "DDK"]
[Black "archiphile"]
[Result "1-0"]
[WhiteElo "1673"]
[BlackElo "1608"]

1. e4 e5 2. Nf3 Bc5 3. Nxe5 d6 4. Ng4 Nf6 5. f3 Bxg4 6. fxg4 Nxe4 7. d4 Bb6 8.
Bc4 d5 9. Bd3 Bxd4 10. c3 Bf2+ 11. Kf1 1-0

[Event "AUTO-INT-1987"]
[Site "http://www.queenalice.com/game.php?id=915608"]
[Date "2011.3.21"]
[Round "1"]
[White "archiphile"]
[Black "DDK"]
[Result "0-1"]
[WhiteElo "1595"]
[BlackElo "1686"]

1. b3 e5 2. Bb2 Nc6 3. d3 Bc5 4. Nf3 d6 5. e4 Bg4 6. Be2 Nf6 7. h3 Be6 8. c3 d5
9. exd5 Qxd5 10. c4 Bb4+ 0-1

[Event "Small tournament"]
[Site "http://www.queenalice.com/game.php?id=969753"]
[Date "2011.8.7"]
[Round "3"]
[White "xerxe"]
[Black "archiphile"]
[Result "1-0"]
[WhiteElo "1758"]
[BlackElo "1637"]

1. e4 c5 2. Nf3 Nc6 3. Bb5 e6 4. O-O Nge7 5. c3 a6 6. Ba4 b5 7. Bc2 Ng6 8. d4 d5
9. exd5 Qxd5 10. Re1 c4 11. Qe2 Be7 12. b3 1-0